| 000 | 00431nam a22001697a 4500 | ||
|---|---|---|---|
| 003 | NUST - PNEC | ||
| 005 | 20170116180840.0 | ||
| 008 | 150819b xxu||||| |||| 00| 0 eng d | ||
| 020 | _a- | ||
| 040 | _cLIBRARY | ||
| 082 | _a519.4 SAL | ||
| 100 |
_95293 _aSalvadori, Mario G. |
||
| 245 |
_aNumerical methods in engineering _cMario G. Salvadori |
||
| 260 | _cc.1963 | ||
| 650 |
_95294 _aNumerical Analysis _xMIS |
||
| 942 |
_2ddc _cBK |
||
| 999 |
_c64365 _d64365 |
||